书目信息 |
| 题名: |
创新型国家建设:理论读本与实践发展
|
|
| 作者: | 张学文 , 陈劲 著 | |
| 分册: | ||
| 出版信息: | 北京 科学出版社 2009 |
|
| 页数: | 378页 | |
| 开本: | 20cm | |
| 丛书名: | ||
| 单 册: | ||
| 中图分类: | F204 | |
| 科图分类: | ||
| 主题词: | 国民经济--经济管理 | |
| 电子资源: | ||
| ISBN: | 978-7-03-026042-0 | |
| 000 | 00658nam0 2200193 450 | |
| 001 | 1734993170 | |
| 005 | 20170405094313.18 | |
| 010 | @a978-7-03-026042-0@d¥68.00 | |
| 100 | @a20170405d km y0chiy0120 ea | |
| 101 | 0 | @achi |
| 200 | 1 | @a创新型国家建设:理论读本与实践发展@Achuang xin xing guo jia jian she:li lun du ben yu shi jian fa zhan@f陈劲,张学文著@Fchen jin,zhang xue wen zhu |
| 210 | @a北京@c科学出版社@d2009 | |
| 215 | @a378页@d20cm | |
| 606 | 0 | @a国民经济@x经济管理 |
| 690 | @aF204@v4 | |
| 701 | 0 | @a张学文@Azhang xue wen@4著 |
| 701 | 0 | @a陈劲@Achen jin@4著 |
| 801 | 0 | @aCN@b大连网信软件有限公司图书馆·11@c20170405 |
| 905 | @b6706008@dF204@eS50@f1 | |
| 创新型国家建设:理论读本与实践发展/陈劲,张学文著.-北京:科学出版社,2009 |
| 378页;20cm |
| ISBN 978-7-03-026042-0:¥68.00 |
| ● |
| 相关链接 |
|
|
|
|
正题名:创新型国家建设:理论读本与实践发展
索取号:F204/S50
 
预约/预借
| 序号 | 登录号 | 条形码 | 馆藏地/架位号 | 状态 | 备注 |
| 1 | 6706008 | 267060084 | 密集书库-数信学院/ [索取号:F204/S50] | 在馆 |